| 000 | 00688nam a2200229Ia 4500 | ||
|---|---|---|---|
| 003 | OSt | ||
| 005 | 20220925172121.0 | ||
| 006 | a|||||r|||| 00| 0 | ||
| 007 | ta | ||
| 008 | 220923b |||||||| |||| 00| 0 eng d | ||
| 037 | _cGeneral Book | ||
| 040 |
_aRTL _cRTL _beng |
||
| 041 |
_2eng _aeng |
||
| 082 | _aX9(F56):8F.231.N91 - N0r, N1/GD | ||
| 110 |
_aIndia, Boots company limited. _9240658 |
||
| 245 | 0 | _a47th Annual report 1990-91. | |
| 260 |
_aBombay _bBoots company ltd. _c1991 |
||
| 300 |
_a35p. _ccm. |
||
| 700 |
_aIndia, Boots company limited. _9240659 |
||
| 942 |
_hX9(F56):8F.231.N91 - N0r, N1/GD _cGB _2CC |
||
| 999 |
_c484288 _d484288 |
||